JAKI KOLOR MOŻNA ZNALEŹĆ NA MAPIE FIZYCZNEJ ŚWIATA? - Statystyki

Ogólne statystyki
  • Ten quiz został rozwiązany 74 razy
  • Średni wynik to 4 z 5
Statystyki odpowiedzi
Odpowiedź % Poprawnych
ZIELONY
99%
ŻÓŁTY
99%
NIEBIESKI
96%
BIAŁY
79%
BRĄZOWY
66%
Nie znaleziono quizów pasujących do podanych kryteriów
Rozkład punktacji
Procent ludzi z każdym wynikiem
Percentyl według liczby udzielonych odpowiedzi
Twoja historia wyników
Nie rozwiązałeś tego quizu